00847 a2200181 4500003000500000005001700005040000900022082001200031100003200043245005100075260004100126300002600167505027300193650003900466942002100505999001900526952012000545Nust20221201121233.0 cNust a534,MOO a Moore, John Edwin.945426 aDesign for good acoustics / cEdward D. Mills. aLondon,bArchitectural Pressc[1961] a91 p. illus.b 22 cm. aForward (Page-5), Acknowledgements (Page-8), Introduction (Page-9), The Properties of sound (Page-11), The Bchaviour of Sound in an Enclosed Space (Page-19), Design for Good Acoustics (Page-33), Examples and their Individual Requirements (Page-52), Appendix (Page-75). aDesign for good acoustics.9103892 2ddccBKk534,MOO c184037d184037 00102ddc4070aMCSbMCScGENd2016-12-12o534,MOOpMCS6526r2016-12-08w2016-12-12yBKzAlmirah No.16, Shelf No.3